Séminaire Schwartz, 3e année, 1955/1956. Problèmes mixtes pour l'équation des ondes.

Guardado en:
Formato: Libro
Idioma:French
Publicado: Paris : Secrétariat mathématique, 1956.
Etiquetas: Agregar Etiqueta
Sin Etiquetas, Sea el primero en etiquetar este registro!
LEADER 00417nam a22001215a 4500
001 MAT.inmabb000617
008 031118s1956####fr############001#0#fre#d
005 20170801171642.0
245 1 0 |a Séminaire Schwartz, 3e année, 1955/1956. Problèmes mixtes pour l'équation des ondes. 
260 |a Paris :  |b Secrétariat mathématique,  |c 1956. 
510 4 |a MR,  |c MR0087837 
084 |a 35-XX  |2 msc2000 
859 |h 35  |i Se471s-3  |p A-417  |b BIB. MATEMATICA